| 000 | 00356nam a22001337a 4500 | ||
|---|---|---|---|
| 020 | _a8123908105 | ||
| 040 | _cNUST | ||
| 082 | _a681.2 ECK | ||
| 100 |
_aEckman, Donald P _9114047 |
||
| 245 | _aIndustrial Instrumentation | ||
| 260 |
_aNew Delhi: _bCBS Publishers & Distributors, _c2002. |
||
| 650 |
_aIndustrial Instrumentation _9114048 |
||
| 942 |
_2ddc _cBK |
||
| 999 |
_c595435 _d595435 |
||